Name Every Country in the World - NO MAP - Statistics

General Stats
  • This quiz has been taken 61 times
    8 since last reset
  • The average score is 162 of 194
Answer Stats
Country % Correct
Afghanistan
100%
Albania
100%
Argentina
100%
Austria
100%
Belgium
100%
Bosnia and Herzegovina
100%
Brazil
100%
Bulgaria
100%
Canada
100%
Chile
100%
China
100%
Colombia
100%
Costa Rica
100%
Croatia
100%
Czechia
100%
Democratic Republic of the Congo
100%
Egypt
100%
Estonia
100%
France
100%
Georgia
100%
Guinea
100%
Haiti
100%
Honduras
100%
Iceland
100%
India
100%
Iran
100%
Iraq
100%
Ireland
100%
Kenya
100%
Kyrgyzstan
100%
Latvia
100%
Liechtenstein
100%
Mali
100%
Mexico
100%
Mongolia
100%
Montenegro
100%
Nepal
100%
Nicaragua
100%
Oman
100%
Panama
100%
Paraguay
100%
Poland
100%
Russia
100%
San Marino
100%
Serbia
100%
Slovakia
100%
Slovenia
100%
Sri Lanka
100%
Sudan
100%
Tanzania
100%
Thailand
100%
United Arab Emirates
100%
United Kingdom
100%
United States of America
100%
Uruguay
100%
Venezuela
100%
Yemen
100%
Algeria
86%
Andorra
86%
Angola
86%
Armenia
86%
Azerbaijan
86%
Bangladesh
86%
Barbados
86%
Belarus
86%
Belize
86%
Benin
86%
Bhutan
86%
Bolivia
86%
Cameroon
86%
Central African Republic
86%
Chad
86%
Cuba
86%
Cyprus
86%
Denmark
86%
Dominica
86%
Dominican Republic
86%
Ecuador
86%
Eritrea
86%
Ethiiopia
86%
Fiji
86%
Finland
86%
Gambia
86%
Germany
86%
Ghana
86%
Greece
86%
Grenada
86%
Hungary
86%
Indonesia
86%
Israel
86%
Italy
86%
Jamaica
86%
Japan
86%
Kazakhstan
86%
Kuwait
86%
Laos
86%
Lebanon
86%
Liberia
86%
Lithuania
86%
Luxembourg
86%
Madagascar
86%
Malawi
86%
Malta
86%
Mauritania
86%
Monaco
86%
Morocco
86%
Mozambique
86%
Netherlands
86%
North Korea
86%
North Macedonia
86%
Norway
86%
Pakistan
86%
Papua New Guinea
86%
Peru
86%
Philippines
86%
Portugal
86%
Qatar
86%
Rwanda
86%
Saint Lucia
86%
Senegal
86%
Somalia
86%
South Africa
86%
South Korea
86%
South Sudan
86%
Spain
86%
Suriname
86%
Sweden
86%
Switzerland
86%
Syria
86%
Timor-Leste
86%
Togo
86%
Tunisia
86%
Turkey
86%
Uganda
86%
Vatican City
86%
Antigua and Barbuda
71%
Australia
71%
Bahrain
71%
Botswana
71%
Brunei
71%
Burkina Faso
71%
Burundi
71%
Cambodia
71%
Comoros
71%
Congo
71%
Djibouti
71%
Eswatini
71%
Gabon
71%
Guatemala
71%
Guinea-Bissau
71%
Guyana
71%
Jordan
71%
Lesotho
71%
Libya
71%
Mauritius
71%
Namibia
71%
New Zealand
71%
Niger
71%
Nigeria
71%
Romania
71%
Sao Tome and Principe
71%
Seychelles
71%
Singapore
71%
Tajikistan
71%
Turkmenistan
71%
Tuvalu
71%
Ukraine
71%
Uzbekistan
71%
Vietnam
71%
Zimbabwe
71%
Bahamas
57%
Cape Verde
57%
El Salvador
57%
Equatorial Guinea
57%
Ivory Coast
57%
Kiribati
57%
Malaysia
57%
Micronesia
57%
Myanmar
57%
Palau
57%
Saint Kitts and Nevis
57%
Saint Vincent and the Grenadines
57%
Saudi Arabia
57%
Sierra Leone
57%
Trinidad and Tobago
57%
Vanuatu
57%
Zambia
57%
Maldives
43%
Marshall Islands
43%
Moldova
43%
Nauru
43%
Samoa
43%
Solomon Islands
43%
Tonga
43%
No matching quizzes found
Score Distribution
Percent of People with Each Score
Percentile by Number Answered
Your Score History
You have not taken this quiz since the last reset